Common words in the spoken Arabic of Egypt, of Greek or Coptic origin /
محفوظ في:
المؤلف الرئيسي:
التنسيق: كتاب
اللغة: English
سلاسل:
Publications de la Société d'Archéologie Copte.
الموضوعات:
الوسوم: إضافة وسم
لا توجد وسوم, كن أول من يضع وسما على هذه التسجيلة!
رقم الطلب: ( P )PJ6791 .S92 1971
| LEADER | 01162namaa2200265 4500 | ||
|---|---|---|---|
| 001 | 18094 | ||
| 003 | OSt | ||
| 005 | 20201121100146.0 | ||
| 008 | 130303s1971 ua g 000 0 eng d | ||
| 952 | |0 0 |1 0 |2 lcc |4 0 |7 1 |9 7767 |a ARCE |b ARCE |d 2020-11-21 |l 0 |o ( P )PJ6791 .S92 1971 |p 1018933 |r 2020-11-21 00:00:00 |w 2020-11-21 |y BK | ||
| 999 | |c 15879 |d 15879 | ||
| 040 | |c ARCE Library | ||
| 050 | 0 | 4 | |a ( P )PJ6791 .S92 1971 |
| 100 | 1 | |6 880-01 |a Ṣubḥī, Jūrjī, |e author | |
| 245 | 1 | 0 | |a Common words in the spoken Arabic of Egypt, of Greek or Coptic origin / |c by Georgy Sobhy Bey. |
| 264 | 1 | |a Le Caire : |b Impr. de l'Institut français d'archéologie orientale, |c 1971. | |
| 300 | |a 23 pages ; |c 28 cm. | ||
| 336 | |a text |b txt |2 rdacontent | ||
| 337 | |a unmediated |b n |2 rdamedia | ||
| 338 | |a volume |b nc |2 rdacarrier | ||
| 490 | 0 | |a Publications de la Société d'Archéologie Copte. | |
| 650 | 0 | |a Arabic language |x Foreign words and phrases. | |
| 880 | 1 | |6 100-01/(3/r |a صبحي، جورجي. | |
| 901 | |a reviewed | ||
| 942 | |c BK |2 lcc | ||
